[Event "LSS RI-2007-0-00106"]
[Site "LSS email"]
[Date "2007.04.27"]
[Round "?"]
[White "Stimac, Zeljko"]
[Black "Raja, Nadeem"]
[Result "1-0"]
[WhiteElo "2287"]
[BlackElo "1768"]
[PlyCount "21"]
[EventDate "2007.04.19"]
[EventType "tourn (corr)"]
[EventRounds "6"]
[EventCountry "GER"]
[SourceTitle "Corr 2015"]
[Source "ChessBase"]
[SourceDate "2015.07.17"]
[SourceVersion "1"]
[SourceVersionDate "2015.07.17"]
[SourceQuality "1"]

1. e4 c5 2. Nf3 d6 3. d4 cxd4 4. Nxd4 Nf6 5. Nc3 a6 6. f4 e5 7. Nf3 Qb6 8. Bc4 Be7 9. fxe5 dxe5 10. Nxe5 0-0 11. Nd5 1-0

[Event "IECG RI.2007.0.00094 email"]
[Site "IECG email"]
[Date "2007.02.22"]
[Round "?"]
[White "Pott, Brian"]
[Black "Raja, Nadeem"]
[Result "0-1"]
[WhiteElo "1930"]
[BlackElo "1656"]
[PlyCount "82"]
[EventDate "2007.02.22"]
[EventType "tourn (corr)"]
[EventRounds "6"]
[SourceTitle "Corr 2008"]
[Source "ChessBase"]
[SourceDate "2008.06.24"]
[SourceVersion "1"]
[SourceVersionDate "2008.06.24"]
[SourceQuality "1"]

1. e4 c5 2. Nf3 d6 3. d4 cxd4 4. Nxd4 Nf6 5. Nc3 a6 6. Be3 e6 7. f3 Be7 8. Qd2 0-0 9. 0-0-0 b5 10. g4 Bb7 11. h4 b4 12. Nb1 Qa5 13. h5 Nfd7 14. g5 Nc6 15. g6 Qxa2 16. Nxc6 Bxc6 17. Qxb4 Rab8 18. Qa3 Qxa3 19. Nxa3 fxg6 20. hxg6 Rxf3 21. gxh7+ Kh8 22. Nc4 Bb5 23. Bd2 Rc8 24. b3 Nc5 25. Kb1 Nxe4 26. Bg2 Nxd2+ 27. Rxd2 Rg3 28. Bb7 Rd8 29. Na3 Be8 30. Nc4 Rb8 31. Nxd6 Bxd6 32. Rxd6 Rxb7 33. Rxe6 Bg6 34. Kb2 Rg2 35. Rxa6 Rxc2+ 36. Ka3 Bf5 37. Ra5 Be6 38. Ra8+ Rc8 39. Rxc8+ Bxc8 40. Rg1 Kxh7 41. b4 Kh6 0-1

[Event "IECG RI.2007.0.00094 email"]
[Site "IECG email"]
[Date "2007.02.22"]
[Round "?"]
[White "Raja, Nadeem"]
[Black "Suarez, Ron"]
[Result "1/2-1/2"]
[WhiteElo "1656"]
[BlackElo "1752"]
[PlyCount "69"]
[EventDate "2007.02.22"]
[EventType "tourn (corr)"]
[EventRounds "6"]
[SourceTitle "Corr 2008"]
[Source "ChessBase"]
[SourceDate "2008.06.24"]
[SourceVersion "1"]
[SourceVersionDate "2008.06.24"]
[SourceQuality "1"]

1. e4 e6 2. d4 d5 3. e5 c5 4. c3 Nc6 5. Nf3 Qb6 6. Be2 cxd4 7. cxd4 Nh6 8. Nc3 Nf5 9. Bb5 Bb4 10. Bxc6+ bxc6 11. 0-0 Ba6 12. Re1 Rb8 13. g4 Ne7 14. Bd2 Bxc3 15. Bxc3 Ng6 16. b4 0-0 17. a3 f6 18. Qd2 Qd8 19. Qe3 f5 20. g5 Bc4 21. Kh1 f4 22. Qd2 Qe8 23. Rg1 Ne7 24. g6 Nxg6 25. Rg4 Qf7 26. Nh4 Nxh4 27. Rxh4 g5 28. Rg1 Qg6 29. f3 gxh4 30. Rxg6+ hxg6 31. Qg2 Kg7 32. Qg5 Rf7 33. Kg2 Rh8 34. h3 Bd3 35. Bd2 1/2-1/2